|
|
|
|
| LEADER |
00000cam a2200000 7i4500 |
| 001 |
0000000484 |
| 005 |
20010528.0 |
| 020 |
0 |
0 |
|a 0195885708
|
| 090 |
0 |
0 |
|a R959.57
|b ONE 1991
|
| 245 |
0 |
0 |
|a ONE hundred years of Singapore
|c general editors, Walter Makepeace, Gilbert E. Brooke, Roland St. J. Braddell ; with an introduction by C.M. Turnbull
|
| 260 |
0 |
0 |
|a Singapore :
|b Oxford University Press ,
|c 1991
|
| 300 |
|
|
|a v. l : xvi, 592 p. :
|b ill.22 cm.
|
| 500 |
0 |
0 |
|a Reprint. Originally published: London : J. Murray, 1921
|
| 651 |
0 |
0 |
|a Singapore
|
| 651 |
0 |
0 |
|a Singapore
|x History
|
| 700 |
0 |
1 |
|a Braddell
|h Roland St. John
|f Sir ,
|c 1880-1966
|
| 700 |
0 |
1 |
|a Brooke
|h Gilbert E.
|
| 700 |
0 |
1 |
|a Makepeace
|h Walter
|
| 998 |
|
|
|a JPSM
|
| 999 |
|
|
|a 0000001623
|b Monograph
|c Reference
|e Default branch
|